Coursebook for economics : private and public choice

Αποθηκεύτηκε σε:
Λεπτομέρειες βιβλιογραφικής εγγραφής
Κύριος συγγραφέας: Studenmund, A. H.
Άλλοι συγγραφείς: Stroup, Richard, Gwartney, James D.
Μορφή: Βιβλίο
Γλώσσα:Greek
Δημοσίευση: New York, London : Academic Press, c1982
Έκδοση:3rd ed.
Θέματα:
Ετικέτες: Προσθήκη ετικέτας
Δεν υπάρχουν, Καταχωρήστε ετικέτα πρώτοι!

MARC

LEADER 00000nam a2200000 i 4500
001 1/44726
008 961112s1982 gre d
020 |a 0-12-311046-7 
035 |l 10026020 
040 |a GR-MY-UA  |b gre  |e aacr 
041 0 |a gre 
082 0 |a 330 
100 1 |a Studenmund, A. H. 
245 1 0 |a Coursebook for economics :  |b private and public choice /  |c A.H. Studenmund, R. Stroup, J.D. Gwartney 
250 |a 3rd ed. 
260 |a New York, London :   |b Academic Press,   |c c1982 
300 |a 350 p. 
650 0 0 |a Economics  |x Problems, exercises, etc. 
700 1 |a Stroup, Richard. 
700 1 |a Gwartney, James D. 
852 |a INST  |b CHIOS  |e 19961112  |h 330 STU  |p 005200010981  |q 005200010981  |t BK  |y 0 
909 |a Χ  |b 013390